00273cam a22000857a 4500008004000000082001800040100001600058245006200074260005100136180718b1986 xxu||||| |||| 00| 0 eng d aYA x54 In2 on aMathur,G.C. aAnalysis of housing requirements in IndiacBy G.C. Mathur abNational commisssion for urbannisationc1986